Gaming Quiz

Random Gaming Quiz

Video game by (under)water music Quiz Stats

Quiz not verified by Sporcle

Challenge
Share
Tweet
Score 0/30 Timer 16:00
0 Plays Today
Time Game % Correct
0:00 - 0:21Sonic the Hedgehog
83%
4:34 - 4:56Super Mario Bros.
65.9%
0:40 - 1:00Mega Man 9
56%
7:52 - 8:15Donkey Kong Country
46.7%
9:23 - 9:44Super Mario 64
46.2%
1:41 - 2:03Legend of Zelda: Ocarina of Time
43.1%
2:03 - 2:23Chrono Trigger
40%
5:18- 5:42Final Fantasy VII
37%
6:04 - 6:27Sonic Adventure 2
32.1%
3:29 - 3:53Metroid Prime
29%
2:23 - 2:43Teenage Mutant Ninja Turtles
26%
0:21 - 0:40Super Mario Galaxy 2
25.9%
3:53 - 4:16Pokémon Ruby/Sapphire/Emerald
25.3%
10:21 - 10:41Banjo Tooie
24.8%
5:42 - 6:04Super Mario RPG: Legend of the Seven Stars
24.2%
Time Game % Correct
6:27 - 6:47Star Fox 64
15.4%
4:56 - 5:18ToeJam & Earl in Panic on Funkotron
10.7%
1:00 - 1:21Final Fantasy X
10.3%
3:07 - 3:29Earthworm Jim
9.6%
8:39 - 9:05Ōkami
8.4%
8:15 - 8:39Mega Man Battle Network 5
7.8%
4:16 - 4:34Crash Bandicoot 3: Warped
7.5%
2:43 - 3:08Lufia II: Rise of the Sinistrals
4.9%
1:21 - 1:41Castlevania: Order of Ecclesia
4.1%
9:05 - 9:23Breath of Fire
3.9%
9:44 - 10:01Alex Kidd in Miracle World
2.4%
6:47 - 7:09NiGHTS: Journey of Dreams
1.8%
7:28 - 7:52Riviera: The Promised Land
1.2%
7:09 - 7:28R-Type Delta
0.9%
10:01 - 10:21Ecco the Dolphin: Defender of the Future
0.8%

You're not logged in!

Compare scores with friends on all Sporcle quizzes.
Join for Free
OR
Log In

You Might Also Like...

Show Comments

Extras

Editor's Pick Dec 18, 2010ReportNominate

Top Quizzes Today


Score Distribution

Your Account Isn't Verified!

In order to create a playlist on Sporcle, you need to verify the email address you used during registration. Go to your Sporcle Settings to finish the process.

Report this User

Report this user for behavior that violates our Community Guidelines.

Details: